000 01005nam a2200229 a 4500
001 39124
003 BD-RjUL
005 20211209052925.0
008 160405b2003 bg |||e |||| 001 0dben d
020 _a9840743457
_cTk.100
035 _a(BD-RjUL)
040 _aBD-RjUL
_bben
_cBD-RjUL
041 _aben
082 _223
_aB 891.44
_bKHB 2003
100 _aখান, মোঃ জামান
_9120726
245 _aবিশ শতকের প্রথমার্ধের বাঙালির মুসলিম-মাদসঃ
_bএস ওয়াজেদ আলির সাহিত্যকর্ম /
_cমোঃ জামান খান
260 _aঢাকা :
_bবাংলা একাডেমী,
_c২০০৩.
300 _a[৬], ১৭৬ পৃ.:
_c২২সেমি.
650 _aবাংলাদেশের মুসলিমদের ইতিহাস
_zবাংলাদেশ
_9120727
650 _aHistory of muslim in bangladesh
_9120728
942 _2ddc
_cBK
999 _c39124
_d39124